000 00606nam a2200205Ia 4500
005 20250923145023.0
008 008 250917s9999 xx 000 0 eng d
037 _aTextual
040 _aDSWL
_beng
_cDSWL
041 _aeng
_2eng
084 _aY:45u231;N4<-G, N52
_qDSWL
100 _aJeejeebhoy, J.R.B.
_9830942
245 0 _aBribery and corruption in Bombay
_cby J.R.B. Jeejeebhoy
260 _aBombay
_bAlice Building
_c1952
300 _a155 p.
365 _aINR
_b12.50
925 _g12.50
942 _cTEXL
_hY:45u231;N4<-G, N52
999 _c1446137
_d1446137